The embattled colossus : Economic nationalism and United States investors in Latin America

Đã lưu trong:
書目詳細資料
主要作者: Swansbrough, Robert H.
格式: 圖書
語言:Undetermined
出版: Gainesville University Presses of Florida 1976
主題:
標簽: 添加標簽
沒有標簽, 成為第一個標記此記錄!
Thư viện lưu trữ: Trung tâm Học liệu Trường Đại học Cần Thơ
LEADER 00582nam a2200193Ia 4500
001 CTU_82130
008 210402s9999 xx 000 0 und d
082 |a 332.673 
082 |b S972 
100 |a Swansbrough, Robert H. 
245 4 |a The embattled colossus : 
245 0 |b Economic nationalism and United States investors in Latin America 
245 0 |c Robert H. Swansbrough 
260 |a Gainesville 
260 |b University Presses of Florida 
260 |c 1976 
650 |a Investments 
904 |i Trọng Hải 
980 |a Trung tâm Học liệu Trường Đại học Cần Thơ